<?xml version="1.0" encoding="UTF-8"?>
<record
    xmlns:xsi="http://www.w3.org/2001/XMLSchema-instance"
    xsi:schemaLocation="http://www.loc.gov/MARC21/slim http://www.loc.gov/standards/marcxml/schema/MARC21slim.xsd"
    xmlns="http://www.loc.gov/MARC21/slim">

  <leader>01561nam a22002417a 4500</leader>
  <controlfield tag="003">DO-SdBNP</controlfield>
  <controlfield tag="005">20220429092212.0</controlfield>
  <controlfield tag="008">110301s2021    dr ad         000 0 spa d</controlfield>
  <datafield tag="020" ind1=" " ind2=" ">
    <subfield code="a">9789945628166</subfield>
  </datafield>
  <datafield tag="040" ind1=" " ind2=" ">
    <subfield code="a">DO-SdBNP</subfield>
    <subfield code="b">spa</subfield>
    <subfield code="c">BNPHU</subfield>
  </datafield>
  <datafield tag="082" ind1=" " ind2="4">
    <subfield code="a">xxxx</subfield>
    <subfield code="b">O34c</subfield>
  </datafield>
  <datafield tag="100" ind1="1" ind2=" ">
    <subfield code="a">Ogando, Alex</subfield>
    <subfield code="9">53018</subfield>
  </datafield>
  <datafield tag="245" ind1="1" ind2="0">
    <subfield code="a">&#xBF;C&#xF3;mo emprender siendo empleado? :</subfield>
    <subfield code="b">el problema no es el empleo, sino que esa sea tu &#xFA;nica fuente de ingresos /</subfield>
    <subfield code="c">Alex Ogando ; pr&#xF3;logo Ezequiel D&#xED;az</subfield>
  </datafield>
  <datafield tag="260" ind1=" " ind2=" ">
    <subfield code="a">Santo Domingo :</subfield>
    <subfield code="b">Bien - etre,</subfield>
    <subfield code="c">2021.</subfield>
  </datafield>
  <datafield tag="300" ind1=" " ind2=" ">
    <subfield code="a">170 p. :</subfield>
    <subfield code="b">il., graf.</subfield>
    <subfield code="c">22 cm.</subfield>
  </datafield>
  <datafield tag="500" ind1=" " ind2=" ">
    <subfield code="a">Incluye datos biogr&#xE1;ficos del autor.  </subfield>
  </datafield>
  <datafield tag="504" ind1=" " ind2=" ">
    <subfield code="a">Bibliograf&#xED;a P: 165</subfield>
  </datafield>
  <datafield tag="505" ind1=" " ind2=" ">
    <subfield code="t">Dedicatoria --</subfield>
    <subfield code="t">Agradecimientos --</subfield>
    <subfield code="t">Pr&#xF3;logo --</subfield>
    <subfield code="g">Capitulo 1 --</subfield>
    <subfield code="t">Razones por las que algunos empleados no emprenden --</subfield>
    <subfield code="g">Cap&#xED;tulo 2 --</subfield>
    <subfield code="t">Lo que debes saber antes de emprender --</subfield>
    <subfield code="g">Cap&#xED;tulo 3 --</subfield>
    <subfield code="t">&#xC9;tica y transparencia del empleado que emprende --</subfield>
    <subfield code="g">Cap&#xED;tulo 4 --</subfield>
    <subfield code="t">10 ideas de negocio que puedes desarrollar paralelo a tu empleo, con poco capital --</subfield>
    <subfield code="g">Cap&#xED;tulo 5 --</subfield>
    <subfield code="t">Manejo efectivo del tiempo del empleado que emprende --</subfield>
    <subfield code="g">Cap&#xED;tulo 6 --</subfield>
    <subfield code="t">La mentalidad del empleado y del emprendedor --</subfield>
    <subfield code="g">Cap&#xED;tulo 7 --</subfield>
    <subfield code="t">5 miedos que pueden neutralizarte al intentar emprender siendo empleado --</subfield>
    <subfield code="g">Cap&#xED;tulo 8 --</subfield>
    <subfield code="t">S&#xE1;cale el mayor provecho al empleo --</subfield>
    <subfield code="g">Cap&#xED;tulo 9 --</subfield>
    <subfield code="t">La importancia de saber vender --</subfield>
    <subfield code="g">Cap&#xED;tulo 10 --</subfield>
    <subfield code="t">&#xBF;Cu&#xE1;ndo me dedico 100% al negocio y dejo el empleo? --</subfield>
  </datafield>
  <datafield tag="590" ind1=" " ind2=" ">
    <subfield code="a">Inventariado, 2022/ YL</subfield>
  </datafield>
  <datafield tag="700" ind1="1" ind2="2">
    <subfield code="a">D&#xED;az, Ezequiel</subfield>
    <subfield code="e">prol.</subfield>
    <subfield code="9">81525</subfield>
  </datafield>
  <datafield tag="910" ind1=" " ind2=" ">
    <subfield code="a">YLockward</subfield>
  </datafield>
  <datafield tag="942" ind1=" " ind2=" ">
    <subfield code="2">ddc</subfield>
    <subfield code="c">LBS1</subfield>
  </datafield>
  <datafield tag="952" ind1=" " ind2=" ">
    <subfield code="0">0</subfield>
    <subfield code="1">0</subfield>
    <subfield code="2">ddc</subfield>
    <subfield code="5">3</subfield>
    <subfield code="7">0</subfield>
    <subfield code="8">PD</subfield>
    <subfield code="a">BNPHU</subfield>
    <subfield code="b">BNPHU</subfield>
    <subfield code="c">CT</subfield>
    <subfield code="d">2022-02-10</subfield>
    <subfield code="e">Bien etre editora</subfield>
    <subfield code="l">0</subfield>
    <subfield code="o">xxxx O34c</subfield>
    <subfield code="p">2022-1685</subfield>
    <subfield code="r">2022-04-29</subfield>
    <subfield code="w">2022-04-29</subfield>
    <subfield code="y">LBS1</subfield>
  </datafield>
  <datafield tag="952" ind1=" " ind2=" ">
    <subfield code="0">0</subfield>
    <subfield code="1">0</subfield>
    <subfield code="2">ddc</subfield>
    <subfield code="5">3</subfield>
    <subfield code="7">0</subfield>
    <subfield code="8">PD</subfield>
    <subfield code="a">BNPHU</subfield>
    <subfield code="b">BNPHU</subfield>
    <subfield code="c">CT</subfield>
    <subfield code="d">2022-02-10</subfield>
    <subfield code="e">Bien etre editora</subfield>
    <subfield code="l">0</subfield>
    <subfield code="o">xxxx O34c</subfield>
    <subfield code="p">2022-1686</subfield>
    <subfield code="r">2022-04-29</subfield>
    <subfield code="t">e. 2</subfield>
    <subfield code="w">2022-04-29</subfield>
    <subfield code="y">LBS1</subfield>
  </datafield>
  <datafield tag="952" ind1=" " ind2=" ">
    <subfield code="0">0</subfield>
    <subfield code="1">0</subfield>
    <subfield code="2">ddc</subfield>
    <subfield code="5">6</subfield>
    <subfield code="7">0</subfield>
    <subfield code="8">PD</subfield>
    <subfield code="a">BNPHU</subfield>
    <subfield code="b">BNPHU</subfield>
    <subfield code="c">CT</subfield>
    <subfield code="d">2022-02-10</subfield>
    <subfield code="e">Bien etre editora</subfield>
    <subfield code="l">0</subfield>
    <subfield code="o">xxxx O34c</subfield>
    <subfield code="p">2022-1687</subfield>
    <subfield code="r">2022-04-29</subfield>
    <subfield code="t">e. 3</subfield>
    <subfield code="w">2022-04-29</subfield>
    <subfield code="y">LBS1</subfield>
  </datafield>
  <datafield tag="999" ind1=" " ind2=" ">
    <subfield code="c">51618</subfield>
    <subfield code="d">51618</subfield>
  </datafield>
</record>
